| 000 | 00551nam a2200181Ia 4500 | ||
|---|---|---|---|
| 008 | 090123s9999 xx 000 0 und d | ||
| 082 | _b3641 | ||
| 100 | _aआठवले सदाशिव | ||
| 245 | _aनीट बोल राधे | ||
| 250 | _a1 | ||
| 260 |
_bसुरस ग्रंथमाला _c1974 |
||
| 300 | _a100 | ||
| 600 | _aआठवले सदाशिव | ||
| 630 | _aनीट बोल राधे | ||
| 700 | _aआठवले सदाशिव | ||
| 730 | _aनीट बोल राधे | ||
| 942 | _cBOOK | ||
| 999 |
_c41720 _d41720 |
||